| 000 | 00841cam a22002773a 4500 | ||
|---|---|---|---|
| 001 | 2129 | ||
| 003 | PGUSA | ||
| 005 | 20140828083011.0 | ||
| 008 | 000401s2000||||xxu|||||s|||||000 1 eng d | ||
| 040 |
_aPGUSA _beng |
||
| 042 | _adc | ||
| 050 | 4 | _aPR | |
| 050 | 4 | _aPZ | |
| 100 | 1 |
_aEdgeworth, Maria, _d1767-1849 |
|
| 245 | 1 | 0 |
_aMurad the Unlucky, and Other Tales _h[electronic resource] / _cMaria Edgeworth |
| 260 |
_bProject Gutenberg, _c2000 |
||
| 505 | 0 | _aIntroduction -- Murad the Unlucky -- The Limerick Gloves -- Madame de Fleury. | |
| 506 | _aPublic domain in the USA. | ||
| 516 | _aElectronic text | ||
| 653 | _aShort stories | ||
| 653 | _aConduct of life -- Juvenile fiction | ||
| 700 | 1 |
_aMorley, Henry, _d1822-1894 |
|
| 830 | 0 |
_aProject Gutenberg _v2129 |
|
| 856 | 4 | 0 | _uhttp://www.gutenberg.org/ebooks/2129 |
| 942 | _cEB | ||
| 999 |
_c231467 _d231467 |
||